Pokušení /
Mykhail je jedním ze sedmi nejvyšších okřídlených v Helliportu. Díky svému chladnému a kalkulativnímu myšlení zaměřenému především na prostředky a cíle, se propracoval až na pozici generála. Je velice samotářským, kontrolovaným a bezcitným jedincem. Nic nedokáže proklouznout jeho pevnou kontrolou a...
Uloženo v:
| Série: | Z nebes,
část 2 |
|---|---|
| Hlavní autor: | |
| Médium: | E-kniha |
| Jazyk: | Czech |
| Vydáno: |
Praha :
E-knihy jedou,
2020
|
| Příbuzné jednotky: | Z cyklu::
Z nebes |
| Tagy: |
Žádné tagy |
| LEADER | 02006nam a22002417i 4500 | ||
|---|---|---|---|
| 001 | 311136 | ||
| 007 | ta | ||
| 008 | 260601s2020 xr ||||| |||| 00| 0 cze d | ||
| 020 | |a 9990002036705 | ||
| 044 | |a xr | ||
| 100 | 1 | |a Plachá, Kateřina |4 aut | |
| 245 | 1 | 0 | |a Pokušení / |c Plachá, Kateřina |
| 264 | 1 | |a Praha : |b E-knihy jedou, |c 2020 | |
| 300 | |a 1 online zdroj (417 stran) | ||
| 336 | |a text |b txt |2 rdacontent | ||
| 337 | |a bez média |b n |2 rdamedia | ||
| 338 | |a online zdroj |b cr |2 rdacarrier | ||
| 520 | 2 | |a Mykhail je jedním ze sedmi nejvyšších okřídlených v Helliportu. Díky svému chladnému a kalkulativnímu myšlení zaměřenému především na prostředky a cíle, se propracoval až na pozici generála. Je velice samotářským, kontrolovaným a bezcitným jedincem. Nic nedokáže proklouznout jeho pevnou kontrolou a disciplínou. Co se však stane, pokud se to přece jen podaří jedné drobné lidské pekařce? Mia vede svůj poklidný život bez větších dramat. Stačily ty z dětství, na která by nejraději zapomněla. Je milá a přátelská. Všichni ve městě ji mají rádi a je oblíbenou postavou komunity. Jednoho dne jí však v pekárně omdlí Khorramova družka, Andriana. Mie se podaří dostat Andy do nemocnice, kde se shodou okolností střetne právě s Mykhailem. Jaké asi bude jejich první seznámení? Dokáže Mykhail otevřít své chladné srdce obyčejnému člověku? Nebo vše nenávratně zničí? A co se stane, až se na světlo vynoří i Miina minulost? | |
| 787 | 0 | 8 | |g 2 |i Z cyklu: |t Z nebes |
| 910 | |a RBIT002 | ||
| 998 | |d 203670 |a https://core.palmknihy.cz/api/books/203670/cover?q5jo3p |b https://core.palmknihy.cz/api/books/203670/cover/400?q5jo3p |c https://core.palmknihy.cz/api/books/203670/cover/50?q5jo3p |e |g 417 |i 9990002036705 |j https://core.palmknihy.cz/api/books/203670/preview.epub |k https://core.palmknihy.cz/api/books/203670/preview.pdf |l |q 49 |r 1 |s https://www.palmknihy.cz/kniha/203670 |t ebook |y 2020 |z 1 |v Z nebes |w 2 | ||
| 999 | |d 311134 | ||